| 000 | 00000nam 2200000zi 4500 |
| 001 | 9.930687 |
| 003 | CaOODSP |
| 005 | 20241203113656 |
| 006 | m o d f |
| 007 | cr |n||||||||| |
| 008 | 231117s2000 onca o f|0| 0 eng d |
| 040 | |aCaOODSP|beng|erda|cCaOODSP |
| 043 | |an-cn--- |
| 086 | 1 |aEn4-620/2000E-PDF |
| 245 | 00|aCanadians creating a healthier environment. |
| 264 | 1|a[Ottawa] : |bEnvironment Canada = Environnement Canada, |c2000. |
| 300 | |a1 online resource (4 unnumbered pages) : |billustrations |
| 336 | |atext|btxt|2rdacontent |
| 337 | |acomputer|bc|2rdamedia |
| 338 | |aonline resource|bcr|2rdacarrier |
| 500 | |aDigitized edition from print [produced by Environment and Climate Change Canada]. |
| 500 | |aAt head of title: EcoAction. |
| 520 | |a"Primarily focused on funding community-based, non-profit environmental action, the support provided by this Environment Canada program has also fostered environmental leaders, initiatives and partnerships across Canada for long-term environmental change. Here are some examples of EcoAction at work"--page [1]. |
| 650 | 0|aEnvironmental protection|zCanada|xCitizen participation. |
| 650 | 0|aNature conservation|zCanada|xCitizen participation. |
| 650 | 6|aEnvironnement|xProtection|zCanada|xParticipation des citoyens. |
| 650 | 6|aNature|xConservation|zCanada|xParticipation des citoyens. |
| 710 | 1 |aCanada. |bEnvironment Canada, |eissuing body. |
| 856 | 40|qPDF|s3.38 MB|uhttps://publications.gc.ca/collections/collection_2024/eccc/en4/En4-620-2000-eng.pdf |